[Event "World Blitz Women 2022"]
[Site "Almaty KAZ"]
[Date "2022.12.30"]
[Round "17.18"]
[White "Ovod, Evgenija"]
[Black "Girya, Olga"]
[Result "0-1"]
[WhiteTitle "IM"]
[BlackTitle "GM"]
[WhiteElo "2323"]
[BlackElo "2398"]
[WhiteFideId "4131827"]
[BlackFideId "4195752"]
[EventDate "2022.12.29"]

1. e4 e5 2. Nf3 Nc6 3. Bc4 Bc5 4. O-O Nf6 5. d3 d6 6. c3 a5 7. Re1 h6 8. Nbd2
O-O 9. Nf1 Be6 10. Bb5 Bb6 11. h3 Ne7 12. d4 exd4 13. cxd4 d5 14. e5 Ne4 15. Be3
Nf5 16. a4 Qe7 17. Bd3 Qb4 18. Qc2 Nxd4 19. Nxd4 Bxd4 20. Bxd4 Qxd4 21. Bxe4
dxe4 22. Rxe4 Qb6 23. Ng3 Rad8 24. Ra3 Rd7 25. Rc3 Rfd8 26. Re2 Kh8 27. Kh2 c6
28. Rce3 Rd4 29. b3 Qb4 30. Nf1 Rd1 31. Ng3 R1d2 32. Qb1 Rd1 33. Qc2 R8d2 34.
Qe4 Qxe4 35. Nxe4 Rxe2 36. Rxe2 Bxb3 37. Nc5 Bc4 38. Rc2 Bd5 39. Nxb7 Rd4 40.
Nxa5 Rxa4 41. Nxc6 Re4 42. Rd2 Bxc6 43. Rd8+ Kh7 44. Rc8 Bd5 45. Rc5 Be6 46. Kg3
h5 47. h4 Kg6 48. f4 Re3+ 0-1

[Event "World Blitz Women 2022"]
[Site "Almaty KAZ"]
[Date "2022.12.30"]
[Round "17.19"]
[White "Ushenina, Anna"]
[Black "Druzhinina, Olga"]
[Result "1-0"]
[WhiteTitle "GM"]
[WhiteElo "2454"]
[BlackElo "2245"]
[WhiteFideId "14110911"]
[BlackFideId "4141911"]
[EventDate "2022.12.29"]

1. d4 Nf6 2. Nf3 g6 3. Nbd2 d5 4. b4 a5 5. b5 c5 6. bxc6 bxc6 7. e3 Bg7 8. a4
O-O 9. Ba3 Re8 10. Be2 Ba6 11. O-O Nfd7 12. c4 Nb6 13. Ne5 f6 14. Nef3 Bxc4 15.
Nxc4 Nxc4 16. Bxc4 dxc4 17. Rc1 Qd5 18. Qe2 Na6 19. Rxc4 e5 20. dxe5 fxe5 21. e4
Qe6 22. Rfc1 Rec8 23. h3 Bh6 24. Rd1 Bf8 25. Bb2 Bg7 26. Rcc1 Nb4 27. Ng5 Qa2
28. Rc3 Rd8 29. Ra1 1-0

[Event "World Blitz Women 2022"]
[Site "Almaty KAZ"]
[Date "2022.12.30"]
[Round "17.20"]
[White "Kamalidenova, Meruert"]
[Black "Javakhishvili, Lela"]
[Result "0-1"]
[WhiteTitle "WIM"]
[BlackTitle "IM"]
[WhiteElo "2377"]
[BlackElo "2440"]
[WhiteFideId "13712802"]
[BlackFideId "13601458"]
[EventDate "2022.12.29"]

1. e4 g6 2. d4 Bg7 3. Nc3 d6 4. Be3 c6 5. Nf3 Nd7 6. Qd2 e5 7. Be2 Ngf6 8. h3
O-O 9. g4 b5 10. a3 a5 11. g5 Nh5 12. dxe5 dxe5 13. O-O Qe7 14. Rfd1 Nf4 15.
Bxf4 exf4 16. Qxf4 Ne5 17. Nxe5 Bxe5 18. Qe3 Qc7 19. Bxb5 cxb5 20. Nd5 Qa7 21.
Qf3 Be6 22. c3 Bxd5 23. Rxd5 Qe7 24. h4 b4 25. axb4 axb4 26. Rxa8 Rxa8 27. cxb4
Bxb2 28. b5 Qe6 29. Kg2 Re8 30. Rd2 Bg7 31. Re2 Qb6 32. Qd3 Rb8 33. Rc2 Qxb5 34.
Qf3 Qe5 35. Rc4 h6 36. gxh6 Bxh6 37. Ra4 Rb7 38. Qg4 Re7 39. Rc4 Kg7 40. Ra4 Qf4
41. Qxf4 Bxf4 42. Kf3 Be5 43. Kg4 Kh6 44. f4 Bf6 45. e5 Bg7 46. Ra6 Rb7 47. h5
Rb4 48. hxg6 fxg6 49. Rc6 Bxe5 50. Kh3 Bxf4 51. Rc5 g5 52. Rc8 Kg6 53. Rc6+ Kf5
54. Rc5+ Be5 55. Kg2 g4 56. Rc2 Rb2 0-1

[Event "World Blitz Women 2022"]
[Site "Almaty KAZ"]
[Date "2022.12.30"]
[Round "17.21"]
[White "Gaboyan, Susanna"]
[Black "Voit, Daria"]
[Result "0-1"]
[WhiteTitle "WIM"]
[BlackTitle "WGM"]
[WhiteElo "2200"]
[BlackElo "2347"]
[WhiteFideId "13303627"]
[BlackFideId "4182146"]
[EventDate "2022.12.29"]

1. Nf3 d5 2. g3 Nd7 3. d4 Ngf6 4. Bg2 Nb6 5. O-O Bf5 6. b3 e6 7. Nbd2 h6 8. c4
c6 9. Bb2 Be7 10. Re1 O-O 11. Ne5 Nbd7 12. e4 dxe4 13. Nxe4 Nxe5 14. dxe5 Nxe4
15. Bxe4 Bxe4 16. Rxe4 Qa5 17. Qf3 Rad8 18. Rd4 Rxd4 19. Bxd4 Rd8 20. Qe3 Bg5
21. Qc3 Qxc3 22. Bxc3 Rd3 23. Bb4 b6 24. Kf1 f6 0-1

[Event "World Blitz Women 2022"]
[Site "Almaty KAZ"]
[Date "2022.12.30"]
[Round "17.22"]
[White "Tokhirjonova, Gulrukhbegim"]
[Black "Gong, Qianyun"]
[Result "0-1"]
[WhiteTitle "WGM"]
[BlackTitle "WGM"]
[WhiteElo "2328"]
[BlackElo "2299"]
[WhiteFideId "14203626"]
[BlackFideId "8602425"]
[EventDate "2022.12.29"]

1. e4 e6 2. d4 d5 3. e5 c5 4. c3 Nc6 5. Nf3 Nge7 6. Na3 cxd4 7. cxd4 Nf5 8. Nc2
Qb6 9. Bd3 Bd7 10. Bxf5 exf5 11. O-O h6 12. Rb1 Be6 13. b4 Be7 14. a4 Qd8 15.
Nfe1 Rc8 16. Nd3 b6 17. Bd2 g5 18. a5 f4 19. axb6 axb6 20. b5 Na5 21. Bxa5 bxa5
22. Qd2 Qb6 23. Rb2 O-O 24. Ra1 Bf5 25. h3 Rc4 26. Rxa5 Rfc8 27. Ra6 Qb7 28.
Rxh6 Bg6 29. h4 Kg7 30. hxg5 Bxg5 31. Rh1 Rc3 32. Nc5 R8xc5 33. dxc5 Rxc5 34.
Nd4 Qc7 35. b6 Qc8 36. e6 Rc1+ 37. Kh2 Qh8# 0-1

[Event "World Blitz Women 2022"]
[Site "Almaty KAZ"]
[Date "2022.12.30"]
[Round "17.23"]
[White "Hajiyeva, Laman"]
[Black "Bivol, Alina"]
[Result "0-1"]
[WhiteTitle "WFM"]
[BlackTitle "IM"]
[WhiteElo "2135"]
[BlackElo "2364"]
[WhiteFideId "13415875"]
[BlackFideId "4100123"]
[EventDate "2022.12.29"]

1. e4 e6 2. d3 d5 3. Nd2 c5 4. Ngf3 Nc6 5. g3 Nf6 6. Bg2 g6 7. O-O Bg7 8. c3 O-O
9. Re1 a5 10. a4 b6 11. e5 Nd7 12. d4 f6 13. exf6 Nxf6 14. Nb3 Ne4 15. Be3 c4
16. Nbd2 Nd6 17. Bg5 Qe8 18. Ne5 Nxe5 19. dxe5 Nb7 20. Qe2 Nc5 21. Nxc4 Ba6 22.
Nd6 Qc6 23. Qg4 h5 24. Qh3 Kh7 25. b4 Nd3 26. b5 Qxc3 27. Rf1 Qxe5 28. Be7 Rxf2
29. bxa6 Qe3 30. Kh1 Bxa1 31. Rxa1 Re2 32. Nf7 Nf2+ 0-1

[Event "World Blitz Women 2022"]
[Site "Almaty KAZ"]
[Date "2022.12.30"]
[Round "17.24"]
[White "Lhotska, Anna"]
[Black "Mammadova, Gulnar"]
[Result "1/2-1/2"]
[WhiteTitle "WFM"]
[BlackTitle "IM"]
[WhiteElo "2159"]
[BlackElo "2376"]
[WhiteFideId "376183"]
[BlackFideId "13403508"]
[EventDate "2022.12.29"]

1. e4 e6 2. d4 d5 3. Nc3 Bb4 4. Ne2 Nf6 5. e5 Nfd7 6. a3 Be7 7. f4 c5 8. Be3 Nc6
9. dxc5 a5 10. Nd4 Nxc5 11. Be2 Nxd4 12. Bxd4 b6 13. O-O g6 14. Qd2 h5 15. Qe3
a4 16. Nb5 Ne4 17. Bxb6 Qd7 18. Nc7+ Qxc7 19. Bxc7 Bc5 20. Bb5+ Bd7 21. Bxd7+
Kxd7 22. Bb6 Bxe3+ 23. Bxe3 Rab8 24. Rab1 Rhc8 25. Rfc1 Rc6 26. Kf1 Rbc8 27. c3
Rb8 28. Ke2 Rb3 29. Bd4 Rc8 30. Rc2 Rcb8 31. Kd3 Rxa3 32. Rbc1 Rab3 33. Ra1 Ra8
34. g3 Rbb8 35. c4 Rb3+ 36. Ke2 Ra5 37. cxd5 Rxd5 38. Rxa4 Rb7 39. Be3 f5 40.
exf6 Nxf6 41. b4 Ng4 42. Bg1 Ke7 43. Rb2 Kf6 44. Ra6 Rdb5 45. Ra4 e5 46. fxe5+
Rxe5+ 47. Kd3 Rd7+ 48. Bd4 Kg5 49. Kc3 Red5 50. Ra5 Kf5 51. Rxd5+ Rxd5 52. b5
Rd7 53. b6 Rb7 54. Ra2 Ke4 55. Ra7 Rb8 56. b7 Kd5 57. h3 Nh6 58. Be3 Nf5 59. Bf4
Nd6 60. Ra6 Nb5+ 61. Kd3 Rxb7 62. Rxg6 Ra7 63. Rg5+ Kc6 64. Rxh5 Ra3+ 65. Ke4
Ra4+ 66. Kf5 Nd4+ 67. Kg4 Kd7 68. Rd5+ Ke6 69. Re5+ Kf6 70. h4 Ne6 71. Rf5+ Kg7
72. h5 Rb4 73. h6+ Kg6 74. Re5 Nxf4 75. gxf4 Kxh6 76. Re6+ Kg7 77. Kg5 Kf7 78.
Ra6 Rb7 79. f5 Kg7 80. Rg6+ Kf7 81. Rh6 Rb1 82. Rh7+ Kg8 83. Rc7 Rb6 84. Ra7 Rc6
85. f6 Rc1 86. Ra4 Kf7 87. Rf4 Rc5+ 88. Rf5 Rc1 89. Kf4 Rf1+ 1/2-1/2

[Event "World Blitz Women 2022"]
[Site "Almaty KAZ"]
[Date "2022.12.30"]
[Round "17.26"]
[White "Nurgaliyeva, Zarina"]
[Black "Mkrtchyan, Mariam"]
[Result "0-1"]
[WhiteTitle "WFM"]
[BlackTitle "WIM"]
[WhiteElo "2013"]
[BlackElo "2364"]
[WhiteFideId "13730096"]
[BlackFideId "13310828"]
[EventDate "2022.12.29"]

1. e4 c6 2. d4 d5 3. e5 Bf5 4. Nd2 e6 5. Nb3 Nd7 6. Nf3 Ne7 7. Be2 h6 8. O-O Qc7
9. a4 g5 10. a5 a6 11. Be3 O-O-O 12. Ne1 f6 13. exf6 Nxf6 14. Nd3 Ng6 15. Nbc5
Re8 16. b4 Bd6 17. h3 Nf4 18. Bxf4 gxf4 19. Bf3 Rhg8 20. Kh1 Ne4 21. Qc1 Rg7 22.
Nb2 Reg8 23. c4 Ng5 24. Bg4 Bxg4 25. hxg4 f3 26. Qe3 Qf7 27. g3 Bxc5 28. bxc5
Ne4 29. cxd5 exd5 30. Nd3 Rxg4 31. Ne5 Qh5+ 32. Kg1 Rxg3+ 33. fxg3 Rxg3# 0-1

[Event "World Blitz Women 2022"]
[Site "Almaty KAZ"]
[Date "2022.12.30"]
[Round "17.27"]
[White "Balabayeva, Xeniya"]
[Black "Muminova, Nafisa"]
[Result "0-1"]
[WhiteTitle "WIM"]
[BlackTitle "WGM"]
[WhiteElo "2183"]
[BlackElo "2274"]
[WhiteFideId "13719688"]
[BlackFideId "14201526"]
[EventDate "2022.12.29"]

1. e4 e6 2. d4 d5 3. Nd2 h6 4. Ngf3 Nf6 5. e5 Nfd7 6. Bd3 c5 7. c3 Nc6 8. O-O g5
9. Nb1 g4 10. Nfd2 h5 11. Bb5 cxd4 12. Bxc6 bxc6 13. cxd4 c5 14. dxc5 Bxc5 15.
Nb3 Bb6 16. Bf4 Ba6 17. Re1 Rc8 18. Nc3 Rc4 19. Qd2 h4 20. Nxd5 exd5 21. Bg5 f6
22. exf6+ Re4 23. Qxd5 Bxf2+ 24. Kxf2 Qb6+ 25. Re3 Bb7 26. f7+ Kf8 27. Qxd7 Rh5
28. Qd8+ Qxd8 29. Bxd8 Rf5+ 30. Ke2 Ba6+ 31. Kd2 Rd5+ 32. Kc3 Rxe3+ 33. Kb4 Rxd8 0-1

[Event "World Blitz Women 2022"]
[Site "Almaty KAZ"]
[Date "2022.12.30"]
[Round "17.28"]
[White "Kovanova, Baira"]
[Black "Kairbekova, Amina"]
[Result "1-0"]
[WhiteTitle "WGM"]
[BlackTitle "WIM"]
[WhiteElo "2317"]
[BlackElo "2209"]
[WhiteFideId "4164083"]
[BlackFideId "13712799"]
[EventDate "2022.12.29"]

1. e4 e5 2. Nf3 Nc6 3. Bb5 a6 4. Ba4 d6 5. Bxc6+ bxc6 6. d4 exd4 7. Qxd4 c5 8.
Qd3 g6 9. Bg5 f6 10. Bf4 Bg7 11. Nc3 Be6 12. O-O Ne7 13. Qd2 g5 14. Bg3 O-O 15.
h4 h6 16. Rfe1 Rb8 17. b3 Ng6 18. Rad1 g4 19. Nh2 f5 20. exf5 Bxf5 21. Nd5 Kh8
22. h5 Ne5 23. Nf4 Qg5 24. Nf1 Rbe8 25. Ne3 Bc8 26. Ned5 Bb7 27. Nxc7 Qd8 28.
Nce6 Qc8 29. Nxf8 Bxf8 30. Rxe5 dxe5 31. Ng6+ Kg7 32. Bxe5+ Rxe5 33. Nxe5 Be7
34. Qd7 Kf6 35. Qxc8 Bxc8 36. Nc6 Bf8 37. Rd8 Bb7 38. Rxf8+ Kg7 39. Rb8 Bxc6 40.
Rc8 Be4 41. Rxc5 Kf6 42. c4 Bb1 43. a4 Bc2 44. Rc6+ Ke5 45. Rxa6 Bxb3 46. Rxh6
Bxa4 47. Rg6 1-0

[Event "World Blitz Women 2022"]
[Site "Almaty KAZ"]
[Date "2022.12.30"]
[Round "17.29"]
[White "Munkhzul, Turmunkh"]
[Black "Nurgali, Nazerke"]
[Result "1-0"]
[WhiteTitle "WIM"]
[BlackTitle "WIM"]
[WhiteElo "2318"]
[BlackElo "2168"]
[WhiteFideId "4901878"]
[BlackFideId "13711261"]
[EventDate "2022.12.29"]

1. e4 c6 2. d4 d5 3. e5 Bf5 4. h4 h5 5. c4 e6 6. Nc3 Bb4 7. Nf3 Nd7 8. cxd5 exd5
9. Bd3 Ne7 10. Bg5 f6 11. Bf4 Nf8 12. exf6 gxf6 13. O-O Qd7 14. Re1 Bxd3 15.
Qxd3 Ne6 16. Bg3 Bd6 17. Rxe6 Qxe6 18. Re1 Qxe1+ 19. Nxe1 Bxg3 20. Qxg3 Kf7 21.
Nd3 Rhg8 22. Qc7 b6 23. Nd1 Rg4 24. Ne3 Rxd4 25. Nf5 Rxd3 26. Qxe7+ Kg6 27. Qg7+
Kxf5 28. Qh7+ Ke5 29. Qxd3 c5 30. Qe2+ Kd6 31. Qxh5 d4 32. Qf3 Rf8 33. h5 c4 34.
Qe4 1-0

[Event "World Blitz Women 2022"]
[Site "Almaty KAZ"]
[Date "2022.12.30"]
[Round "17.30"]
[White "Eric, Jovana"]
[Black "Fataliyeva, Ulviyya"]
[Result "0-1"]
[WhiteTitle "WGM"]
[BlackTitle "IM"]
[WhiteElo "2236"]
[BlackElo "2428"]
[WhiteFideId "938238"]
[BlackFideId "13403052"]
[EventDate "2022.12.29"]

1. e4 e6 2. d4 d5 3. Nc3 Be7 4. e5 c5 5. Nce2 cxd4 6. Nxd4 Nc6 7. Nxc6 bxc6 8.
Nf3 c5 9. c3 f6 10. Bd3 fxe5 11. Nxe5 Nf6 12. Nc6 Qc7 13. Nxe7 Qxe7 14. O-O O-O
15. Qe2 e5 16. Bc2 a5 17. Re1 e4 18. Be3 Ng4 19. h3 Ne5 20. Rad1 Be6 21. Bc1 Qh4
22. f3 Rxf3 23. Bxe4 dxe4 24. Qxe4 Qf2+ 25. Kh1 Raf8 26. Qxe5 Bxh3 27. Qd5+ Kh8
28. Qxf3 Rxf3 29. Re8+ Rf8 30. Rxf8+ Qxf8 31. Re1 Bd7 32. Be3 h5 33. Kg1 h4 34.
Bf2 h3 35. gxh3 Bxh3 36. Re3 Qf5 37. Rg3 Bg4 38. a3 Kg8 39. b4 axb4 40. axb4 c4
41. Kg2 Qe4+ 42. Kg1 g6 43. Re3 Qb1+ 44. Kg2 Qf5 45. Re8+ Kf7 46. Re3 Bd1 47.
Rg3 Bc2 48. Bd4 Be4+ 49. Kg1 Bd3 50. Bf2 Be2 51. Kg2 Qe4+ 52. Kg1 Bf3 53. Rg5
Qb1+ 54. Kh2 Qf1 55. Kg3 Qg2+ 56. Kf4 Qxf2 0-1

[Event "World Blitz Women 2022"]
[Site "Almaty KAZ"]
[Date "2022.12.30"]
[Round "17.31"]
[White "Nurmanova, Alua"]
[Black "Charochkina, Daria"]
[Result "0-1"]
[WhiteTitle "WIM"]
[BlackTitle "IM"]
[WhiteElo "2191"]
[BlackElo "2344"]
[WhiteFideId "13729390"]
[BlackFideId "4180917"]
[EventDate "2022.12.29"]

1. e4 d6 2. d4 Nf6 3. Nc3 g6 4. Be3 a6 5. h3 Bg7 6. Nf3 b5 7. e5 Nfd7 8. e6 fxe6
9. Ng5 Nf6 10. Bd3 b4 11. Ne2 Nd5 12. Nxh7 Nxe3 13. fxe3 Bh6 14. Bxg6+ Kd7 15.
Qd3 a5 16. d5 Ba6 17. dxe6+ Kc8 18. Qe4 Bb7 19. Qd3 Nc6 20. Be4 Ra6 21. O-O-O
Qg8 22. g4 Ne5 23. Bxb7+ Kxb7 24. Qe4+ c6 25. g5 Bg7 26. g6 Qxe6 27. Kb1 d5 28.
Ng5 Qf6 29. Qf4 Qxg6 30. Nd4 Rf8 31. Qg3 Nc4 32. Rhg1 Be5 33. Qg4 Rd8 34. Nge6
Qe8 35. Nxd8+ Qxd8 36. Ne6 Qd6 37. Qxc4 dxc4 38. Rxd6 exd6 39. Rg8 Kb6 40. Rb8+
Ka7 41. Rg8 a4 42. h4 a3 43. bxa3 Rxa3 44. Nd4 Kb6 45. Rb8+ Kc5 46. Ne6+ Kd5 47.
Nc7+ Ke4 48. Rxb4 d5 49. h5 Rxe3 50. c3 Bxc3 51. Rb8 Rh3 52. Re8+ Kd3 53. a4
Rxh5 54. Ka2 Rh1 0-1

[Event "World Blitz Women 2022"]
[Site "Almaty KAZ"]
[Date "2022.12.30"]
[Round "17.32"]
[White "Kurmangaliyeva, Liya"]
[Black "Gaponenko, Inna"]
[Result "0-1"]
[WhiteTitle "FM"]
[BlackTitle "IM"]
[WhiteElo "2287"]
[BlackElo "2341"]
[WhiteFideId "13725831"]
[BlackFideId "14101181"]
[EventDate "2022.12.29"]

1. e4 g6 2. d4 Bg7 3. Nc3 d6 4. Be3 a6 5. h3 b5 6. Bd3 Bb7 7. Nf3 Nd7 8. Qd2 c5
9. a4 b4 10. Ne2 Ngf6 11. Ng3 cxd4 12. Bxd4 a5 13. O-O O-O 14. Rfe1 Rc8 15. c3
e5 16. Be3 bxc3 17. bxc3 Qc7 18. c4 Nc5 19. Bxc5 Qxc5 20. Rab1 Bc6 21. Qc2 Rb8
22. Ne2 Rb4 23. Nc3 Rfb8 24. Nb5 Bxb5 25. axb5 Nd7 26. Nd2 a4 27. Ra1 Nb6 28.
Ra2 Bh6 29. Nb1 Nxc4 30. Rxa4 Rxa4 31. Qxa4 Nb2 32. Qb3 Nxd3 33. Qxd3 Rxb5 34.
Na3 Rb4 35. Nc2 Rc4 36. Ne3 Bxe3 37. Rxe3 Rc1+ 38. Kh2 Qc2 39. Qxd6 Qxf2 40.
Qb8+ Kg7 41. Qxe5+ f6 42. Qd4 Qf4+ 43. Rg3 Re1 44. Qd7+ Kh6 45. Qg4 Rxe4 46.
Qxf4+ Rxf4 47. Ra3 g5 48. Kg3 Kg6 49. Ra6 h5 50. Rb6 h4+ 51. Kh2 Rc4 52. Ra6 Rc2
53. Rb6 Rf2 54. Ra6 Kh5 55. Kg1 Rf4 56. Ra8 Kg6 57. Ra6 Kh5 58. Ra8 f5 59. Rh8+
Kg6 60. Rg8+ Kf6 61. Rf8+ Kg7 62. Ra8 g4 63. hxg4 fxg4 64. Ra7+ Kg6 65. Ra6+ Kg5
66. Ra5+ Rf5 67. Ra8 Rb5 68. Kh2 Kf4 69. Ra4+ Kg5 70. Ra8 Rf5 71. Rg8+ Kf4 72.
Rh8 Kg5 73. Rg8+ Kf4 74. Rh8 Ra5 75. Rxh4 Ra1 76. g3+ Kf3 77. Rh7 Ra2+ 78. Kg1
Kxg3 79. Kf1 Ra1+ 80. Ke2 Kg2 81. Rg7 g3 82. Rg8 Ra7 83. Ke1 Re7+ 84. Kd1 Kf2
85. Rf8+ Kg1 86. Kd2 g2 87. Kd1 Re4 88. Rh8 Kf2 89. Rf8+ Kg3 0-1

[Event "World Blitz Women 2022"]
[Site "Almaty KAZ"]
[Date "2022.12.30"]
[Round "17.33"]
[White "Pourkashiyan, Atousa"]
[Black "Shukhman, Anna"]
[Result "0-1"]
[WhiteTitle "WGM"]
[BlackTitle "WFM"]
[WhiteElo "2321"]
[BlackElo "2161"]
[WhiteFideId "12502014"]
[BlackFideId "54180058"]
[EventDate "2022.12.29"]

1. e4 c5 2. Nf3 a6 3. c3 d5 4. exd5 Qxd5 5. d4 Nf6 6. Be2 e6 7. Be3 cxd4 8. cxd4
Nc6 9. Nc3 Qd6 10. O-O Be7 11. Bd3 O-O 12. a3 Rd8 13. Bc2 b5 14. Qd3 Bb7 15. Bg5
Nxd4 16. Nxd4 Qxd4 17. Qh3 h6 18. Bh4 Rac8 19. Rad1 Qc5 20. Bb1 Qh5 21. f4 Rxd1
22. Nxd1 Rc1 23. Nf2 Rxf1+ 24. Kxf1 g5 25. fxg5 hxg5 26. Bg3 Qxh3 27. Nxh3 Ne4
28. Be1 f5 29. Nf2 Nxf2 30. Kxf2 Bf6 31. b3 Bd5 32. Bc2 Kf7 33. a4 bxa4 34. bxa4
Ke7 35. Bb4+ Kd7 36. h3 Bb7 37. Bd3 Kc6 38. Bc4 Kd7 39. g3 Bd4+ 40. Kf1 Bb6 41.
Bd2 Bd8 42. Bd3 a5 43. Kf2 Kd6 44. Bc1 Kd5 45. Bb5 e5 46. Bd7 Bb6+ 47. Ke1 f4
48. gxf4 gxf4 49. h4 Ba6 50. h5 f3 51. Bh3 f2+ 52. Kd2 f1=Q 53. Bxf1 Bxf1 54. h6
Bd4 55. Ke1 Bd3 56. Bd2 Bb6 57. Bg5 Bh7 58. Kd2 e4 59. Bf4 Kc4 60. Bd6 Kb3 61.
Ke2 Kxa4 0-1

[Event "World Blitz Women 2022"]
[Site "Almaty KAZ"]
[Date "2022.12.30"]
[Round "17.34"]
[White "Gvetadze, Sofio"]
[Black "Kirchei, Viktoriia"]
[Result "1-0"]
[WhiteTitle "IM"]
[BlackTitle "WFM"]
[WhiteElo "2298"]
[BlackElo "2070"]
[WhiteFideId "13601440"]
[BlackFideId "34133396"]
[EventDate "2022.12.29"]

1. Nf3 Nf6 2. g3 d5 3. c4 e6 4. b3 c5 5. Bg2 b6 6. O-O Bb7 7. e3 Be7 8. Bb2 O-O
9. d3 Nbd7 10. Qe2 Qc7 11. Nc3 a6 12. Rac1 dxc4 13. bxc4 e5 14. e4 b5 15. Nh4 b4
16. Nf5 Bd6 17. Nd5 Nxd5 18. cxd5 Rfe8 19. Qg4 g6 20. Ne3 Bf8 21. Nc4 Bg7 22. f4
a5 23. Qf3 f6 24. Bh3 f5 25. exf5 Nf6 26. fxe5 Bxd5 27. Qf2 Nd7 28. f6 Bf8 29.
f7+ Bxf7 30. Qxf7+ Kh8 31. Bxd7 1-0

[Event "World Blitz Women 2022"]
[Site "Almaty KAZ"]
[Date "2022.12.30"]
[Round "17.35"]
[White "Nakhbayeva, Guliskhan"]
[Black "Petrova, Irina"]
[Result "1/2-1/2"]
[WhiteTitle "IM"]
[BlackTitle "WIM"]
[WhiteElo "2326"]
[BlackElo "2123"]
[WhiteFideId "13704788"]
[BlackFideId "14124122"]
[EventDate "2022.12.29"]

1. d4 d6 2. c4 e5 3. d5 Be7 4. Nc3 a5 5. e4 Na6 6. Bd3 Nc5 7. Bc2 Bg5 8. Nge2
Bxc1 9. Rxc1 Nf6 10. O-O O-O 11. a3 Nh5 12. b4 axb4 13. axb4 Na6 14. Rb1 Qg5 15.
Kh1 Nb8 16. Nb5 Na6 17. Rb3 Bd7 18. Nbc3 Kh8 19. f3 f5 20. exf5 Bxf5 21. Bxf5
Qxf5 22. Ne4 Qg6 23. c5 Rf7 24. Re1 Raf8 25. Qc1 Nf4 26. Nxf4 Rxf4 27. c6 b6 28.
Qa1 Nb8 29. b5 Qf7 30. h3 Qxd5 31. Qa3 1/2-1/2

[Event "World Blitz Women 2022"]
[Site "Almaty KAZ"]
[Date "2022.12.30"]
[Round "17.36"]
[White "Lu, Miaoyi"]
[Black "Enkhtuul, Altan-Ulzii"]
[Result "1-0"]
[BlackTitle "WGM"]
[WhiteElo "2399"]
[BlackElo "2285"]
[WhiteFideId "8618020"]
[BlackFideId "4901444"]
[EventDate "2022.12.29"]

1. e4 Nf6 2. e5 Nd5 3. d4 d6 4. c4 Nb6 5. f4 dxe5 6. fxe5 c5 7. d5 e6 8. Nc3
exd5 9. cxd5 Qh4+ 10. g3 Qd4 11. Bf4 g5 12. Bxg5 Qxe5+ 13. Qe2 Bg7 14. O-O-O O-O
15. Qxe5 Bxe5 16. Be7 Re8 17. d6 Nc6 18. Bb5 Bd7 19. Bg5 f6 20. Bf4 a6 21. Bxe5
Rxe5 22. Bd3 f5 23. Nf3 Re3 24. Nh4 Nd4 25. Rhf1 Rf8 26. Rf4 Re5 27. Rdf1 Re6
28. Nxf5 Nxf5 29. Bxf5 Rxf5 30. Rxf5 Rxd6 31. Rxc5 Bh3 32. Rf2 Be6 33. Rg5+ Kh8
34. Rf8+ 1-0

[Event "World Blitz Women 2022"]
[Site "Almaty KAZ"]
[Date "2022.12.30"]
[Round "17.37"]
[White "Serikbay, Assel"]
[Black "Schulze, Lara"]
[Result "0-1"]
[WhiteTitle "WIM"]
[BlackTitle "FM"]
[WhiteElo "2230"]
[BlackElo "2284"]
[WhiteFideId "13706799"]
[BlackFideId "12956830"]
[EventDate "2022.12.29"]

1. e4 c5 2. Nf3 Nc6 3. d4 cxd4 4. Nxd4 Nf6 5. Nc3 d6 6. Nb3 e5 7. Bc4 Be7 8. O-O
O-O 9. f3 Be6 10. Qe2 Rc8 11. Bd5 Bxd5 12. exd5 Nb4 13. Rd1 a5 14. a3 Na6 15.
Be3 b6 16. Ne4 Nc5 17. Nbxc5 bxc5 18. c4 Nd7 19. Bd2 Rb8 20. Rab1 f5 21. Nc3 Bg5
22. Be1 Bh4 23. g3 Be7 24. Nb5 f4 25. Na7 Ra8 26. Nc6 Qe8 27. Bxa5 fxg3 28. hxg3
Nb8 29. Nxb8 Rxb8 30. Bc3 Qg6 31. Kg2 Bh4 32. g4 h5 33. Qe4 Qxe4 34. fxe4 hxg4
35. Rh1 g5 36. Rbf1 Rf4 37. Be1 Rxb2+ 38. Kg1 Bxe1 39. Rxe1 Rff2 40. Rh5 Rg2+
41. Kh1 g3 42. Rxg5+ Kh7 43. Rh5+ Kg6 44. Rh8 Rh2+ 45. Rxh2 Rxh2+ 46. Kg1 Kg5
47. Rf1 Ra2 48. a4 Rxa4 49. Rf8 Kg4 50. Rg8+ Kf3 51. Rf8+ Kxe4 52. Kg2 Rxc4 53.
Kxg3 Kxd5 54. Kf3 Rc3+ 55. Ke2 Rh3 0-1

[Event "World Blitz Women 2022"]
[Site "Almaty KAZ"]
[Date "2022.12.30"]
[Round "17.38"]
[White "Bayasgalan, Khishigbaatar"]
[Black "Sultanbek, Zeinep"]
[Result "1/2-1/2"]
[WhiteTitle "WCM"]
[BlackTitle "WIM"]
[WhiteElo "1811"]
[BlackElo "1891"]
[WhiteFideId "4904311"]
[BlackFideId "13710419"]
[EventDate "2022.12.29"]

1. d4 Nf6 2. Nc3 d5 3. Bg5 Nbd7 4. f3 c5 5. Bxf6 Nxf6 6. e4 dxe4 7. dxc5 e6 8.
Qxd8+ Kxd8 9. b4 exf3 10. Nxf3 a5 11. O-O-O+ Kc7 12. Nb5+ Kb8 13. a3 axb4 14.
Rd8 bxa3 15. Kb1 a2+ 16. Ka1 Nd5 17. Bc4 Nb4 18. Rc1 g6 19. c3 Bg7 20. Rxh8 Bxh8
21. Nbd4 e5 22. Nb5 e4 23. Nfd4 Nd3 24. Rd1 Nxc5 25. Bxf7 Bg4 26. Re1 Bf5 27.
Bxa2 Na4 28. Re3 Bg7 29. g4 Bh6 30. Re1 Bxg4 31. Rxe4 Bd7 32. Re7 Kc8 33. Rxh7
Bd2 34. Nd6+ Kc7 35. N6b5+ Kd8 36. Rh8+ Be8 37. Rxe8+ Kxe8 38. Nc7+ Kd7 39. Nxa8
Bxc3+ 40. Kb1 Bxd4 41. Bb3 Nc5 42. Bf7 Ne4 43. Bxg6 Nf6 44. Kc2 b5 45. Kd3 Bf2
46. Bf7 Kc8 47. Kc3 Kb7 48. Kb4 Kxa8 49. Kxb5 Kb7 50. Kc4 Kc6 51. Kd3 Kd7 52.
Ke2 Bh4 53. Kf3 Ke7 54. Ba2 Kf8 55. Kf4 Kg7 56. Kf5 Bf2 57. Kg5 Be3+ 58. Kf5 Bf2
59. Bb3 Bg1 60. h3 Bf2 61. Bd1 Ng8 62. Kg5 Be3+ 63. Kf5 Nh6+ 64. Ke4 Bg5 65. Bg4
Nf7 66. Kf5 Kh6 67. Ke6 Kg7 68. Bh5 Nd8+ 69. Kd7 Nb7 70. Ke6 Kh6 71. Bf3 Nc5+
72. Kf5 Nd3 73. Kg4 Ne5+ 74. Kg3 Bd2 75. Be4 Kg5 76. h4+ Kh6 77. Bc2 Be1+ 78.
Kh3 Nc4 79. Ba4 Ne3 80. Be8 Nf5 81. h5 Kg5 82. Kg2 Ng7 83. Bg6 Ne6 84. Kf3 Bc3
85. Ke4 Bf6 86. Kd5 Nf4+ 87. Ke4 Ne6 88. Kd5 Nf8 89. Ke4 Nd7 90. Kd5 Ne5 91. Ke4
Nc6 92. Kd5 Nb4+ 93. Ke6 Bg7 94. Kf7 Kh6 95. Ke6 Nc6 96. Kd6 Nd4 97. Kd5 Kg5 98.
Ke4 Ne6 99. Kd5 Nf4+ 100. Ke4 Kg4 101. Bf5+ Kg3 102. Bg6 Nh3 103. Kf5 Nf4 104.
Be8 Bh6 105. Bg6 Kh4 106. Ke4 Nxh5 107. Bxh5 Kxh5 1/2-1/2